2021 NBA Draft - Statistics

General Stats
  • This quiz has been taken 75 times
  • The average score is 26 of 60
Answer Stats
Pick Team Answer From % Correct
1 Pistons Cade Cunningham Oklahoma State
100%
3 Cavaliers Evan Mobley USC
98%
2 Rockets Jalen Green G League Ignite
96%
4 Raptors Scottie Barnes Florida State
96%
5 Magic Jalen Suggs Gonzaga
93%
6 Thunder Josh Giddey Australia
93%
8 Magic Franz Wagner Michigan
91%
7 Warriors Jonathan Kuminga G League Ignite
89%
9 Kings Davion Mitchell Baylor
81%
16 Rockets Alperen Sengün Turkey
78%
47 Raptors David Johnson Louisville
74%
20 Hawks Jalen Johnson Duke
74%
21 Clippers Keon Johnson Tennessee
74%
10 Grizzlies Ziaire Williams Stanford
74%
14 Warriors Moses Moody Arkansas
70%
35 Pelicans Herbert Jones Alabama
63%
19 Hornets Kai Jones Texas
63%
15 Wizards Corey Kispert Gonzaga
59%
11 Hornets James Bouknight UConn
56%
12 Spurs Joshua Primo Alabama
50%
27 Nets Cam Thomas LSU
48%
13 Pacers Chris Duarte Oregon
44%
22 Pacers Isaiah Jackson Kentucky
44%
18 Thunder Tre Mann Florida
43%
17 Pelicans Trey Murphy Virginia
43%
36 Knicks Miles McBride West Virginia
39%
38 Bulls Ayo Dosunmu Illinois
37%
28 76ers Jaden Springer Tennessee
35%
23 Rockets Usman Garuba Spain
35%
33 Clippers Jason Preston Ohio
33%
25 Knicks Quentin Grimes Houston
33%
26 Nuggets Bones Hyland VCU
31%
29 Nets Day’Ron Sharpe UNC
31%
24 Rockets Josh Christopher Arizona State
30%
30 Grizzlies Santi Aldama Loyola (MD)
30%
55 Thunder Aaron Wiggins Maryland
28%
40 Jazz Jared Butler Baylor
28%
43 Trailblazers Greg Brown Texas
26%
31 Wizards Isaiah Todd G League Ignite
26%
32 Thunder Jeremiah Robinson-Earl Villanova
24%
37 Hornets JT Thor Auburn
24%
52 Pistons Luka Garza Iowa
24%
51 Clippers Brandon Boston Jr. Kentucky
22%
58 Knicks Jericho Sims Texas
22%
48 Hawks Sharife Cooper Auburn
20%
42 Pistons Isaiah Livers Michigan
17%
44 Nets Kessler Edwards Pepperdine
17%
54 Bucks Sandro Mamukelashvilli Seton Hall
17%
56 Hornets Scottie Lewis Florida
17%
53 76ers Charles Bassey Western Kentucky
15%
50 76ers Filip Petrušev Serbia
15%
46 Raptors Dalano Banton Nebraska
13%
60 Bucks Georgios Kalaitzakis Greece
11%
41 Spurs Joe Wieskamp Iowa
11%
39 Kings Neemias Queta Utah State
11%
34 Knicks Rokas Jokubaitis Lithuania
11%
57 Pistons Balša Koprivica Florida State
9%
45 Celtics Juhann Begarin France
9%
49 Nets Marcus Zegarowski Creighton
9%
59 Nets RaiQuan Gray Florida State
9%
No matching quizzes found
Score Distribution
Percent of People with Each Score
Percentile by Number Answered
Your Score History
You have not taken this quiz